Soft Skills: Know Yourself and Know the World (Record no. 2640)
[ view plain ]
| 000 -LEADER | |
|---|---|
| Fixed length control field | 00431nam a2200169 4500 |
| 003 - CONTROL NUMBER IDENTIFIER | |
| Control field | SEACOMEC |
| 005 - DATE AND TIME OF LATEST TRANSACTION | |
| Control field | 20260317132312.0 |
| 008 - FIXED-LENGTH DATA ELEMENTS--GENERAL INFORMATION | |
| Fixed length control field | 260317b |||||||| |||| 00| 0 eng d |
| 020 ## - INTERNATIONAL STANDARD BOOK NUMBER / ISBN | |
| International Standard Book Number | 978-9364682855 |
| Price | 300 |
| 040 ## - CATALOGING SOURCE | |
| Original cataloging agency | SEACOMEC |
| 082 ## - DEWEY DECIMAL CLASSIFICATION NUMBER | |
| Classification number | 428.2 |
| Book Number | A374 |
| 100 ## - MAIN ENTRY--PERSONAL NAME | |
| Personal name | Alex, K |
| 245 ## - TITLE STATEMENT | |
| Title | Soft Skills: Know Yourself and Know the World |
| Statement of responsibility | K Alex |
| 260 ## - IMPRINT | |
| Place of publication | New Delhi |
| Name of publisher | S. Chand |
| Date of publication | r2010 |
| 650 ## - SUBJECT ADDED ENTRY--TOPICAL TERM | |
| Topical term | Psychology |
| 942 ## - ADDED ENTRY ELEMENTS (KOHA) | |
| Koha item type | Books |
| Withdrawn status | Lost status | Source of classification | Damaged status | Not for loan | Home library | Current library | Date acquired | Total Checkouts | Total Renewals | Call number | Accession number | Checked out | Date last seen | Date checked out | Price effective from | Koha item type |
|---|---|---|---|---|---|---|---|---|---|---|---|---|---|---|---|---|
| Dewey Decimal Classification | SEACOM ENGINEERING COLLEGE | SEACOM ENGINEERING COLLEGE | 17/03/2026 | 1 | 1 | 428.2 A374 | 17765 | 18/04/2026 | 17/03/2026 | 17/03/2026 | 17/03/2026 | Books | ||||
| Dewey Decimal Classification | SEACOM ENGINEERING COLLEGE | SEACOM ENGINEERING COLLEGE | 17/03/2026 | 428.2 A374 | 17766 | 17/03/2026 | 17/03/2026 | Books | ||||||||
| Dewey Decimal Classification | SEACOM ENGINEERING COLLEGE | SEACOM ENGINEERING COLLEGE | 17/03/2026 | 428.2 A374 | 17767 | 17/03/2026 | 17/03/2026 | Books | ||||||||
| Dewey Decimal Classification | SEACOM ENGINEERING COLLEGE | SEACOM ENGINEERING COLLEGE | 17/03/2026 | 428.2 A374 | 17768 | 17/03/2026 | 17/03/2026 | Books | ||||||||
| Dewey Decimal Classification | SEACOM ENGINEERING COLLEGE | SEACOM ENGINEERING COLLEGE | 17/03/2026 | 428.2 A374 | 17769 | 17/03/2026 | 17/03/2026 | Books |
